01090 2200265 4500001002100000005001500021035002000036007000300056008004100059020002200100082001100122084002000133100002700153245004200180250003100222300004200253650001300295650001800308520038300326264002500709336002100734337003000755338002300785990001600808INLIS00000000116314520230330085202 a0010-0323000031ta230330 g 0 ind  a978-623-97173-2-2 a2X1.61 aSR 2X1.61 FEL b0 aFelix Siauwepengarang1 aBeyond the inspiration /cFelix Siauw aCetakan 1, September 2021 avi, 324 halaman :bilustrasi ;c21 cm 4aAl Quran 4acerita-cerita aMengapa ada satu masa dimana Islam dapat menjadi insprasi dan motivasi yang menjadikan pengembannya mulia dan tinggi, namun pada saat yang lain, justru menampakkan ummat dengan karakter yang berbeda? Pertanyaan :why?" inilah yang akan dibahas dalam buku ini, sekaligus mengungkapkan suatu rahasia yang dipegang oleh Rasulullah dan para sahabat serta generasi terbaik dalam Islam bAlfatih Press,c2021 2rdacontentaTeks 2rdamediaaTanpa perantara 2rdacarrieraVolume a51852.64672